Computer Architecture (Record no. 7799)
[ view plain ]
| 000 -LEADER | |
|---|---|
| fixed length control field | 00323nam a2200133Ia 4500 |
| 008 - FIXED-LENGTH DATA ELEMENTS--GENERAL INFORMATION | |
| fixed length control field | 191201s2009 xx 000 0 und d |
| 082 ## - DEWEY DECIMAL CLASSIFICATION NUMBER | |
| Classification number | 004.22 |
| Item number | SHC |
| 100 ## - MAIN ENTRY--PERSONAL NAME | |
| Personal name | SHARMA, Nirmala |
| 245 #0 - TITLE STATEMENT | |
| Title | Computer Architecture |
| 250 ## - EDITION STATEMENT | |
| Edition statement | 1st |
| 260 ## - PUBLICATION, DISTRIBUTION, ETC. (IMPRINT) | |
| Date of publication, distribution, etc | 2009 |
| Name of publisher, distributor, etc | Universities Prees |
| Place of publication, distribution, etc | NEW DELHI |
| 300 ## - PHYSICAL DESCRIPTION | |
| Extent | 226 |
| 942 ## - ADDED ENTRY ELEMENTS (KOHA) | |
| Source of classification or shelving scheme | Dewey Decimal Classification |
| Koha item type | Text Books |
| 942 ## - ADDED ENTRY ELEMENTS (KOHA) | |
| -- | 4 |
| Withdrawn status | Lost status | Source of classification or shelving scheme | Damaged status | Not for loan | Collection code | Home library | Current library | Date acquired | Source of acquisition | Cost, normal purchase price | Bill Number | Total Checkouts | Full call number | Acc. no. / Barcode | Date last seen | Actual Cost, discounted price | Bill Date | Koha item type | Date last borrowed |
|---|---|---|---|---|---|---|---|---|---|---|---|---|---|---|---|---|---|---|---|
| Dewey Decimal Classification | BCA | PIET C-LIBRARY | PIET C-LIBRARY | 14/07/2012 | IBH, New Delhi | 150.00 | 5731 | 004.22 SHC | BC227 | 04/12/2019 | 108.00 | 14/07/2012 | Text Books | ||||||
| Dewey Decimal Classification | BCA | PIET C-LIBRARY | PIET C-LIBRARY | 14/07/2012 | IBH, New Delhi | 150.00 | 5731 | 8 | 004.22 SHC | BC228 | 04/12/2024 | 108.00 | 14/07/2012 | Text Books | 29/11/2024 | ||||
| Dewey Decimal Classification | BCA | PIET C-LIBRARY | PIET C-LIBRARY | 14/07/2012 | IBH, New Delhi | 150.00 | 5731 | 5 | 004.22 SHC | BC229 | 16/12/2024 | 108.00 | 14/07/2012 | Text Books | 29/11/2024 |